Revenue Mobilization in Developing Countries.

The Fund has long played a lead role in supporting developing countries' efforts to improve their revenue mobilization. This paper draws on that experience to review issues and good practice, and to assess prospects in this key area.

Dettagli Bibliografici
Ente Autore: International Monetary Fund
Natura: Periodico
Lingua:English
Pubblicazione: Washington, D.C. : International Monetary Fund, 2011.
Serie:Policy Papers; Policy Paper ; No. 2011/055
Accesso online:Full text available on IMF
LEADER 01239cas a2200241 a 4500
001 AALejournalIMF020191
008 230101c9999 xx r poo 0 0eng d
020 |c 5.00 USD 
020 |z 9781498339247 
022 |a 2663-3493 
040 |a BD-DhAAL  |c BD-DhAAL 
110 2 |a International Monetary Fund. 
245 1 0 |a Revenue Mobilization in Developing Countries. 
264 1 |a Washington, D.C. :  |b International Monetary Fund,  |c 2011. 
300 |a 1 online resource (85 pages) 
490 1 |a Policy Papers 
500 |a <strong>Off-Campus Access:</strong> No User ID or Password Required 
500 |a <strong>On-Campus Access:</strong> No User ID or Password Required 
506 |a Electronic access restricted to authorized BRAC University faculty, staff and students 
520 3 |a The Fund has long played a lead role in supporting developing countries' efforts to improve their revenue mobilization. This paper draws on that experience to review issues and good practice, and to assess prospects in this key area. 
538 |a Mode of access: Internet 
830 0 |a Policy Papers; Policy Paper ;  |v No. 2011/055 
856 4 0 |z Full text available on IMF  |u http://elibrary.imf.org/view/journals/007/2011/055/007.2011.issue-055-en.xml  |z IMF e-Library